La noche triste (Record no. 4757)

MARC details
000 -CABECERA
campo de control de longitud fija 00891nam a2200253 a 4500
001 - NÚMERO DE CONTROL
campo de control BRCA_5063
005 - FECHA Y HORA DE LA ÚLTIMA TRANSACCIÓN
campo de control 20190320204925.0
008 - DATOS DE LONGITUD FIJA--INFORMACIÓN GENERAL
campo de control de longitud fija 081110s1943----mx-a######---#000-0#spa-#
041 ## - CÓDIGO DE LENGUA
Código de lengua del texto/banda sonora o título independiente spa
044 ## - CÓDIGO DEL PAÍS DE LA ENTIDAD EDITORA/PRODUCTORA
Código MARC del país mx
050 #4 - SIGNATURA TOPOGRÁFICA DE LA BIBLIOTECA DEL CONGRESO
Número de clasificación F1230
Número de documento/Ítem .C64 1943
100 1# - ENTRADA PRINCIPAL--NOMBRE DE PERSONA
Nombre de persona Conway, George Robert Graham
9 (RLIN) 12911
245 10 - MENCIÓN DE TÍTULO
Título La noche triste
Mención de responsabilidad, etc. por G.R.G. Conway.
260 ## - PUBLICACIÓN, DISTRIBUCIÓN, ETC.
Lugar de publicación, distribución, etc. México
Nombre del editor, distribuidor, etc. Antigua Librería Robredo de José Porrúa e Hijos
Fecha de publicación, distribución, etc. 1943
300 ## - DESCRIPCIÓN FÍSICA
Extensión xiv, 105 p.
Otras características físicas il., 12 láminas
Dimensiones 23 cm.
500 ## - NOTA GENERAL
Nota general Incluye índice analítico e índice de ilustraciones
500 ## - NOTA GENERAL
Nota general Documentos: Segura de la Frontera en Nueva España, año de MDXX que se publican integramente por primera vez con un prólogo y notas
500 ## - NOTA GENERAL
Nota general Ejemplar numerado 142 de 450
500 ## - NOTA GENERAL
Nota general D154
650 14 - PUNTO DE ACCESO ADICIONAL DE MATERIA--TÉRMINO DE MATERIA
Término de materia o nombre geográfico como elemento de entrada Conquista Española
Subdivisión cronológica 1519-1540
9 (RLIN) 12912
651 #4 - PUNTO DE ACCESO ADICIONAL DE MATERIA--NOMBRE GEOGRÁFICO
Nombre geográfico México
Subdivisión general Historia
9 (RLIN) 614
902 ## - CATALOGADOR
Iniciales GFM
942 ## - ELEMENTOS DE PUNTO DE ACCESO ADICIONAL (KOHA)
Fuente del sistema de clasificación o colocación Library of Congress Classification
Tipo de ítem Koha Libros
Holdings
Estado de retiro Estado de pérdida Estado dañado No para préstamo Localización permanente Ubicación/localización actual Fecha de adquisición Número de inventario Total de préstamos Signatura topográfica completa Código de barras Fecha visto por última vez Precio válido a partir de Tipo de ítem Koha
El ejemplar forma parte de la colección y puede ser consultado según las políticas vigentes.       Biblioteca del Museo Franz Mayer (Rogerio Casas-Alatriste) Biblioteca del Museo Franz Mayer (Rogerio Casas-Alatriste) 08/11/2010 D154   F1230 .C64 1943 (D154) 5176 22/03/2019 22/03/2019 Libros